000 00763nam a2200289Ia 4500
005 20260324134830.0
008 008 260324s9999 xx 000 0 eng d
020 _a9781315257136
037 _aEBOOK
040 _aCRL
040 _beng
040 _cCRL
041 _2eng
041 _aeng
084 _qCRL
100 _aAntony Eastmond
_91190571
245 0 _aEastern Approaches to Byzantium
245 0 _bPapers from the Thirty-Third Spring Symposium of Byzantine Studies, University of Warwick, Coventry, March 1999
260 _bTaylor and Francis
260 _c2001
365 _a
365 _b230
856 _uhttp://www.taylorfrancis.com/books/9781315257136
942 _cEBOOK
999 _c1798786
_d1798786